000 00598nam a2200241Ia 4500
003 OSt
005 20220918105445.0
006 a|||||r|||| 00| 0
007 ta
008 220915b |||||||| |||| 00| 0 eng d
024 _a99068
037 _cReference Collections
040 _aARTS
_cARTS
_beng
041 _2eng
_aeng
082 _aV1-3.N56, J6(RR)
110 _aBritish
_91500
245 0 _aBritish commonwealth
260 _c1956
650 _aHISTORY
700 _aBritish
_91501
942 _hV1-3.N56, J6(RR)
_cREF
999 _c107394
_d107394